000 00542ntaaa2200181 4500
003 01
005 20251027201206.0
008 0714s1973 ag 01
040 _aAR-BaBN
_bspa
_cAR-BaBN
_eaacr
_dRIC
082 _a220.56 B47df
100 _aBiblia. Castellano. Popular. Selecciones. 1984
_99825
245 _aDios habla a la familia /
_cBiblia. Castellano. Popular. Selecciones. 1984
250 _a1 ed.
260 _aBuenos Aires :
_bSociedades BĂ­blicas Unidas,
_c1984
300 _a88 p. ;
_cil. ; 18 cm
650 _aFamilia
942 _cBK
999 _c6210
_d6210